Auditovanie systému manažérstva kvality na princípe neustáleho zlepšovania diplomová práca

Na minha lista:
Detalhes bibliográficos
Autor principal: Vagaský, Erik
Autor Corporativo: Podnikovohospodárska fakulta EU so sídlom v Košiciach. Katedra manažmentu
Outros Autores: Szaryszová, Petra, 1984-
Formato: Livro
Idioma:eslovaco
Publicado em: Košice 2017
Tags: Adicionar Tag
Sem tags, seja o primeiro a adicionar uma tag!

MARC

LEADER 00000nbm a2200000 4500
001 0231547
005 20171121124257.7
041 0 |a slo 
044 |a SK 
245 1 0 |a Auditovanie systému manažérstva kvality na princípe neustáleho zlepšovania  |b diplomová práca  |c Erik Vagaský ; školiteľ: Petra Szaryszová 
264 1 |a Košice  |c 2017 
300 |a 84 s. 
100 1 |a Vagaský, Erik 
700 1 |a Szaryszová, Petra, 1984- 
710 2 |a Podnikovohospodárska fakulta EU so sídlom v Košiciach. Katedra manažmentu